[Event "Match"]
[Site "www.echecsemail.com"]
[Date "2019.01.19"]
[Round "1"]
[White "Ditto"]
[Black "Tonino1"]
[WhiteElo "1880"]
[BlackElo "2120"]
[Result "0-1"]
[Round "1"]
1.d4 d6
2.c4 Ng8f6
3.Ng1f3 c6
4.Bc1g5 g6
5.e3 Bf8g7
6.Bf1d3 O-O
7.Nb1c3 Qd8c7
8.O-O h6
9.Bg5f4 Nf6h5
10.Nc3e2 Nh5xf4
11.Ne2xf4 e5
12.dxe5 dxe5
13.Nf4e2 f5
14.Bd3c2 Bc8e6
15.b3 e4
16.Nf3e1 Bg7xa1
17.Qd1xa1 Nb8d7
18.Ne2d4 Qc7e5
19.Qa1c1 Be6f7
20.Qc1d1 Ra8d8
21.Qd1d2 Nd7f6
22.Qd2b4 c5
23.Qb4xb7 cxd4
24.exd4 Qe5xd4
25.Qb7a6 e3
26.fxe3 Qd4xe3
27.Kh1 Nf6g4
28.h3 Qe3e2
29.Rf1g1 Ng4f2
30.Kh2 Rd8d2
31.Qa6xa7 Rd2xc2
32.Ne1xc2 Qe2xc2
33.c5 Bf7d5
34.b4 Rf8e8
35.Qa7a6 f4
36.Qa6d6 Qc2xa2
37.c6 Bd5f7
38.Qd6xf4 h5
39.b5 Qa2a7
40.Rg1c1 Nf2d3
41.Qf4d2 Nd3e5
42.Qd2d6 Qa7f2
43.c7 Qf2f4
44.Kh1 Qf4xc1
45.Kh2 Qc1f4
46.Kh1 Ne5d3
47.Qd6c6 Nd3f2
{ resign }
0-1

[Event "Match"]
[Site "www.echecsemail.com"]
[Date "2019.01.19"]
[Round "1"]
[White "Huskarls"]
[Black "Aiko1603"]
[WhiteElo "1809"]
[BlackElo "2130"]
[Result "0-1"]
[Round "1"]
1.e4 c5
2.Ng1f3 Nb8c6
3.Bf1b5 g6
4.Bb5xc6 dxc6
5.d3 Bf8g7
6.O-O Ng8f6
7.h3 O-O
8.Rf1e1 Bc8e6
9.a4 a5
10.Bc1e3 b6
11.Nb1c3 Qd8c7
12.Qd1c1 Qc7c8
13.Be3h6 Qc8c7
14.Bh6xg7 Kxg7
15.Qc1e3 Nf6d7
16.Nf3g5 h6
17.Ng5xe6 fxe6
18.e5 Rf8f5
19.f4 Ra8f8
20.Nc3e2 b5
21.g4 Rf5f7
 { time }
0-1

[Event "Tourn. n9982"]
[Site "www.echecsemail.com"]
[Date "2019.01.19"]
[Round "1"]
[White "Ejner"]
[Black "Numanoid"]
[WhiteElo "2460"]
[BlackElo "2610"]
[Result "1/2-1/2"]
[Round "1"]
1.d4 e6
2.Ng1f3 d5
3.c4 c6
4.e3 Ng8f6
5.Nb1c3 Nb8d7
6.Bf1d3 dxc4
7.Bd3xc4 b5
8.Bc4e2 Bc8b7
9.O-O Bf8e7
10.a3 a5
11.b3 O-O
12.Bc1b2 b4
13.axb4 axb4
14.Nc3a4 c5
15.dxc5 Nd7xc5
16.Na4xc5 Be7xc5
17.Ra1xa8 Qd8xa8
18.Bb2xf6 gxf6
19.Be2c4 Rf8d8
20.Qd1e2 Bc5f8
21.Rf1d1 f5
22.Rd1xd8 Qa8xd8
23.Qe2d2 Qd8xd2
{ draw }
1/2-1/2

[Event "Match"]
[Site "www.echecsemail.com"]
[Date "2019.01.19"]
[Round "1"]
[White "Zack1984"]
[Black "Karlgrocer"]
[WhiteElo "2310"]
[BlackElo "1940"]
[Result "1-0"]
[Round "1"]
1.g4 d5
2.h3 e6
3.Bf1g2 Bc8d7
4.c4 c6
5.d4 Bf8e7
6.Ng1f3 Ng8f6
7.g5 Nf6e4
8.h4 Nb8a6
9.Nb1c3 Ne4xc3
10.bxc3 dxc4
11.Nf3e5 O-O
12.Ne5xc4 Na6c7
13.Ra1b1 b6
14.Bg2e4 Nc7d5
15.Be4c2 b5
16.Qd1d3 g6
17.Nc4e5 Be7d6
18.h5 Bd6xe5
19.Qd3h3 Be5g7
20.hxg6 fxg6
21.Qh3xh7 Kf7
22.Bc2xg6 { resign }
1-0

[Event "Tourn. n10002"]
[Site "www.echecsemail.com"]
[Date "2019.01.20"]
[Round "1"]
[White "Szustan"]
[Black "Senitram"]
[WhiteElo "2620"]
[BlackElo "2600"]
[Result "1/2-1/2"]
[Round "1"]
1.e4 c5
2.c3 d5
3.exd5 Qd8xd5
4.d4 Bc8f5
5.Bc1e3 cxd4
6.cxd4 e6
7.Nb1c3 Bf8b4
8.Ng1f3 Ng8f6
9.Bf1e2 O-O
10.O-O Qd5d6
11.a3 Bb4xc3
12.bxc3 h6
13.c4 Nb8c6
14.h3 Qd6c7
15.Qd1d2 Rf8d8
16.Ra1d1 Nf6e4
17.Qd2b2 Qc7b6
18.Qb2a1 Qb6a5
19.Rd1c1 Rd8d7
20.Rf1d1 Ra8d8
21.Be2d3 Ne4d6
22.Be3d2 Qa5a4
23.d5 exd5
24.cxd5 Nc6e7
25.Bd3e2 Qa4e4
26.Be2f1 Ne7xd5
27.Rd1e1 Qe4a4
28.Nf3d4 Rd7c7
29.Re1e5 Rc7xc1
30.Bd2xc1 Bf5e4
31.f3 f6
{ draw }
1/2-1/2

[Event "Match"]
[Site "www.echecsemail.com"]
[Date "2019.01.20"]
[Round "1"]
[White "Manolinex"]
[Black "Micheles"]
[WhiteElo "2900"]
[BlackElo "2550"]
[Result "1-0"]
[Round "1"]
1.g3 d5
2.Ng1f3 Ng8f6
3.Bf1g2 Bc8f5
4.b3 e6
5.Bc1b2 Bf8e7
6.d3 O-O
7.O-O c5
8.Nf3e5 Nb8c6
9.Ne5xc6 bxc6
10.Nb1c3 Bf5g4
11.Qd1e1 Nf6d7
12.e4 d4
13.Nc3a4 e5
14.Bb2a3 Ra8b8
15.c3 Rf8e8
16.cxd4 cxd4
17.Ba3xe7 Qd8xe7
18.f3 Bg4e6
19.Ra1c1 Re8c8
20.Rf1f2 Rb8b5
21.Na4b2 Nd7b6
22.f4 f6
23.Rf2c2 Qe7a3
24.h4 a5
25.Qe1f1 Be6f7
26.Bg2h3 Rc8e8
27.Qf1f2 c5
28.fxe5 Re8xe5
29.g4 h6
30.g5 hxg5
31.Bh3f5 g4
32.Qf2f4 Bf7h5
33.Rc2g2 a4
34.Bf5xg4 Bh5xg4
35.Qf4xg4 Re5e7
36.e5 Nb6d7
37.Rc1f1 { resign }
1-0

[Event "Tourn. n9980"]
[Site "www.echecsemail.com"]
[Date "2019.01.20"]
[Round "1"]
[White "Tbsundar"]
[Black "Hundegana"]
[WhiteElo "1880"]
[BlackElo "2070"]
[Result "0-1"]
[Round "1"]
1.d4 c5
2.c3 cxd4
3.cxd4 d5
4.Ng1f3 Ng8f6
5.e3 a6
6.Bf1d3 e6
7.O-O Nb8c6
8.a3 Bf8d6
9.Nb1d2 O-O
10.b4 b5
11.Bc1b2 Ra8a7
12.Ra1c1 Ra7c7
13.Qd1e2 h6
14.Nd2b3 Nf6d7
15.Nb3c5 Nd7xc5
16.bxc5 Bd6e7
17.Bb2c3 f5
18.Nf3d2 Be7f6
19.f4 Bc8d7
20.Nd2b3 Bd7e8
21.Nb3a5 Rc7e7
22.Na5b3 Be8f7
23.Qe2d2 g6
24.Nb3a5 Nc6xa5
25.Bc3xa5 Qd8c8
26.c6 Re7c7
27.Ba5xc7 Qc8xc7
28.Rc1c2 Bf7e8
29.h3 Rf8f7
30.Rf1c1 Kh7
31.g4 Rf7g7
32.Kh1 h5
33.a4 Bf6d8
34.axb5 axb5
35.Bd3xb5 hxg4
36.hxg4 Kg8
37.gxf5 exf5
38.Qd2g2 Rg7h7
39.Kg1 Be8f7
40.Bb5a4 Kg7
41.Rc1b1 Qc7e7
42.Qg2g3 Qe7e4
43.Rb1f1 Qe4h1
44.Kf2 Qh1e4
45.Ke2 Bd8h4
46.Qg3f3 Qe4e8
47.Rf1a1 Qe8a8
48.c7 Qa8a6
49.Kd1 Bf7e6
50.Qf3e2 Qa6c8
51.Ba4b5 Rh7h8
52.Bb5a6 Qc8a8
53.Rc2c5 Be6c8
54.Rc5a5 Qa8c6
55.Ba6xc8 Rh8xc8
56.Ra5c5 Qc6b6
57.Qe2c2 Qb6b4
58.Ra1b1 Qb4e1

0-1

[Event "Match"]
[Site "www.echecsemail.com"]
[Date "2019.01.20"]
[Round "1"]
[White "Add"]
[Black "Micheles"]
[WhiteElo "2210"]
[BlackElo "2540"]
[Result "0-1"]
[Round "1"]
1.e4 c6
2.d4 d5
3.e5 Bc8f5
4.Bf1d3 Bf5xd3
5.Qd1xd3 e6
6.Ng1f3 Nb8d7
7.Nf3g5 g6
8.Ng5f3 c5
9.Bc1e3 Ng8e7
10.Nf3h4 cxd4
11.Be3xd4 Ne7c6
12.Nh4f3 Bf8g7
13.O-O Nd7xe5
14.Nf3xe5 Nc6xe5
15.Qd3b5 Qd8d7
16.Qb5xd7 Kxd7
17.Bd4xe5 Bg7xe5
18.c3 Ra8c8
19.Nb1d2 Be5d6
20.a4 Rc8c6
21.Nd2f3 f6
22.Nf3d4 Rc6c4
23.Nd4b5 a6
24.Nb5d4 e5
25.Nd4e2 Rc4e4
26.Ne2g3 Re4h4
27.Rf1d1 Ke6
28.b3 d4
29.cxd4 Rh4xd4
30.f3 Rh8c8
31.Ra1c1 Rd4xd1
32.Rc1xd1 f5
33.Kf1 Rc8c2
34.Rd1b1 b6
35.b4 Rc2a2
36.b5 a5
37.Ng3e2 Ra2xa4
38.Ne2c3 Ra4c4
{ resign }
0-1

[Event "Tourn. n10024"]
[Site "www.echecsemail.com"]
[Date "2019.01.20"]
[Round "1"]
[White "Luban"]
[Black "Bira47"]
[WhiteElo "2080"]
[BlackElo "2040"]
[Result "1-0"]
[Round "1"]
1.d4 g6
2.c4 Bf8g7
3.e3 b6
4.Ng1f3 Bc8b7
5.Nb1c3 a6
6.Bf1e2 d6
7.O-O h6
8.e4 Ng8f6
9.Be2d3 Nb8d7
10.h3 c5
11.Bc1e3 Ra8c8
12.Rf1e1 e5
13.dxe5 Nd7xe5
14.Nf3xe5 dxe5
15.Nc3d5 Nf6xd5
16.cxd5 c4
17.Bd3c2 O-O
18.Ra1c1 b5
19.b4 Qd8d7
20.Be3c5 Rf8e8
21.a4 Bg7f8
22.Qd1d2 Bf8xc5
23.bxc5 Rc8xc5
24.axb5 axb5
25.Qd2xh6 Qd7d6
26.Re1e3 Qd6f6
27.Re3g3 Qf6g7
28.Qh6g5 b4
29.h4 Rc5a5
30.d6 Bb7c8
31.h5 Re8e6
32.Qg5d8 Qg7f8
33.Qd8xa5 Re6xd6
34.hxg6 Rd6xg6
35.Qa5xe5 b3
36.Rg3xg6 fxg6
37.Qe5d5 Qf8f7
38.Bc2xb3 Qf7xd5
39.exd5 Bc8a6
40.Bb3xc4 Ba6b7
41.d6 Kf8
42.Rc1e1 Bb7c6
43.Bc4e6 g5
44.Be6g4 Bc6a4
45.d7 Ba4xd7
46.Bg4xd7  { time }
1-0

[Event "Tourn. n10006"]
[Site "www.echecsemail.com"]
[Date "2019.01.20"]
[Round "1"]
[White "Cal"]
[Black "Passaroa25"]
[WhiteElo "1810"]
[BlackElo "1660"]
[Result "0-1"]
[Round "1"]
1.Ng1f3 Nb8c6
2.d4 d5
3.a3 Bc8e6
4.e3 f6
5.h3 Be6f7
6.Bf1b5 e6
7.Nb1c3 Ng8e7
8.b4 Ne7g6
9.O-O Bf8e7
10.Bb5xc6 bxc6
11.Nc3e2 O-O
12.c3 Qd8b8
13.Bc1b2 Bf7e8
14.Ne2g3 Be8f7
15.a4 e5
16.dxe5 Ng6xe5
17.Nf3d4 Qb8c8
18.f4 Ne5c4
19.Bb2c1 Qc8d7
20.Qd1c2 Bf7g6
21.f5 Bg6f7
22.e4 Be7d6
23.exd5 Bf7xd5
24.a5 Bd6xg3
25.Bc1d2 Nc4xd2
26.Qc2xd2 Bg3d6
27.Ra1e1 Ra8e8
28.Re1xe8 Qd7xe8
29.Nd4e6 Bd5xe6
30.fxe6 Qe8xe6
31.Qd2d4 a6
32.Qd4d3 Rf8f7
33.c4 Qe6e5
34.g3 Qe5xg3
35.Kh1 Qg3h2

0-1

[Event "Match"]
[Site "www.echecsemail.com"]
[Date "2019.01.20"]
[Round "1"]
[White "Logout"]
[Black "Carsontwhite"]
[WhiteElo "2150"]
[BlackElo "1329"]
[Result "1-0"]
[Round "1"]
1.e3 e5
2.Ke2 d5
3.Qd1e1 f5
4.Kd1 c5
5.b3 Bc8e6
6.Bc1b2 Bf8d6
7.Nb1c3 Nb8c6
8.Kc1 Qd8d7
9.Kb1 O-O-O
10.a3 b5
11.Ka2 g5
12.Bf1xb5 Nc6a5
13.Bb5xd7 Rd8xd7
14.Ng1f3 Ng8h6
15.Nf3xg5 Be6g8
16.Nc3a4 Nh6g4
17.f3 Ng4f6
18.d3 e4
19.Bb2xf6 Rd7f7
20.Ng5xf7 Bg8xf7
21.Bf6xh8 Bf7h5
22.Qe1xa5 Bd6c7
23.Qa5xc5 a5
24.Bh8e5 Bh5e8
25.Qc5xc7 
1-0

[Event "Tourn. n10027"]
[Site "www.echecsemail.com"]
[Date "2019.01.20"]
[Round "1"]
[White "Cemaah"]
[Black "Fantomas"]
[WhiteElo "2290"]
[BlackElo "2150"]
[Result "1-0"]
[Round "1"]
1.e4 b6
2.d4 Bc8b7
3.Nb1c3 g6
4.Bc1e3 Bf8g7
5.Qd1d2 d6
6.O-O-O Ng8f6
7.f3 O-O
8.g4 Nb8c6
9.h4 h5
10.gxh5 Nf6xh5
11.Ng1e2 e5
12.d5 Nc6a5
13.b3 Bb7a6
14.Bf1h3 Ba6c8
15.Rd1g1 Kh7
16.Bh3g4 f5
17.Bg4xh5 gxh5
18.Rg1g5 Qd8e8
19.Rh1g1 Bg7h6
20.Rg5g2 f4
21.Be3f2 Bc8d7
22.Qd2d3 a6
23.Kb1 Na5b7
24.Ne2c1 Qe8f7
25.Qd3e2 Nb7d8
26.Nc1d3 a5
27.a4 Nd8b7
28.Nd3b2 Nb7c5
29.Nc3b5 Bd7e8
30.Nb2c4 Be8xb5
31.axb5 Rf8g8
32.Bf2xc5 Rg8xg2
33.Qe2xg2 bxc5
34.b6 cxb6
35.Nc4xd6 Qf7g7
36.Qg2f2 Qg7f6
37.Nd6f5 Bh6f8
38.Qf2f1 Ra8a7
39.Qf1b5 Ra7f7
40.Rg1g5 { resign }
1-0

[Event "Tourn. n10032"]
[Site "www.echecsemail.com"]
[Date "2019.01.20"]
[Round "1"]
[White "Bojan"]
[Black "Fabos12"]
[WhiteElo "2050"]
[BlackElo "1980"]
[Result "1-0"]
[Round "1"]
1.d4 e6
2.e4 Nb8c6
3.Bc1e3 d5
4.exd5 exd5
5.a3 Bc8f5
6.h3 h6
7.Ng1f3 Ng8f6
8.Bf1b5 Bf8d6
9.Nb1c3 a6
10.Bb5xc6 bxc6
11.Nc3a4 Nf6e4
12.Qd1e2 O-O
13.Nf3d2 Rf8e8
{ time. }
1-0

[Event "Tourn. n9944"]
[Site "www.echecsemail.com"]
[Date "2019.01.20"]
[Round "1"]
[White "Jaroslavpech"]
[Black "Ejner"]
[WhiteElo "2480"]
[BlackElo "2430"]
[Result "1-0"]
[Round "1"]
1.e4 e6
2.d4 d5
3.Nb1c3 dxe4
4.Nc3xe4 Nb8d7
5.Bf1d3 Ng8f6
6.Ng1f3 c5
7.Ne4xf6 Nd7xf6
8.Bc1e3 Qd8c7
9.Qd1e2 a6
10.O-O b6
11.Rf1e1 Bc8b7
12.Be3g5 Bf8e7
13.Ra1d1 O-O
14.dxc5 Qc7xc5
15.Nf3e5 Ra8d8
16.a4 Kh8
17.c3 Qc5d5
18.f4 Nf6g8
19.Bg5xe7 Ng8xe7
20.b4 f6
21.Bd3c4 Qd5xd1
22.Re1xd1 fxe5
23.Rd1xd8 Rf8xd8
24.Qe2xe5 { resign }
1-0

[Event "1/4 Finale"]
[Site "www.chess-mail.com"]
[Date "2019.01.20"]
[Round "1"]
[White "Conde7"]
[Black "Chessington"]
[WhiteElo "2780"]
[BlackElo "2860"]
[Result "1/2-1/2"]
[Round "1"]
1.a3 e6
2.e3 Bf8e7
3.c4 b6
4.d4 Ng8f6
5.Bf1d3 Bc8b7
6.Ng1f3 O-O
7.O-O c5
8.Nb1c3 d5
9.cxd5 Nf6xd5
10.Bc1d2 Nb8d7
11.Qd1e2 Nd5f6
12.Ra1d1 a6
13.Bd3b1 Qd8c7
14.dxc5 Nd7xc5
15.e4 Rf8d8
16.e5 Nf6d7
17.Bd2f4 Nd7f8
18.h4 Rd8xd1
19.Rf1xd1 Ra8d8
20.Rd1xd8 Qc7xd8
21.h5 b5
22.Nf3e1 Nc5d7
23.Bb1e4 Bb7xe4
24.Nc3xe4 Nd7b6
25.Ne1d3 Nb6c4
26.Bf4g3 Qd8d4
27.Kh1 g6
28.f3 Nf8d7
29.hxg6 hxg6
30.Bg3f2 Qd4d5
{ draw }
1/2-1/2

[Event "Fast Game"]
[Site "www.echecsemail.com"]
[Date "2019.01.20"]
[Round "1"]
[White "Zack1984"]
[Black "Fabos12"]
[WhiteElo "2040"]
[BlackElo "1760"]
[Result "1-0"]
[Round "1"]
1.b4 e6
2.Bc1b2 Ng8f6
3.a3 a6
4.e3 d5
5.Ng1f3 Nb8c6
6.c4 Ra8b8
7.Qd1c2 Bf8e7
8.d4 O-O
9.Nb1d2 Bc8d7
10.c5 Rf8e8
11.Bb2c3 Be7f8
{ time. }
1-0

[Event "Tourn. n10019"]
[Site "www.echecsemail.com"]
[Date "2019.01.21"]
[Round "1"]
[White "Fabos12"]
[Black "Malbertan"]
[WhiteElo "1940"]
[BlackElo "1950"]
[Result "0-1"]
[Round "1"]
1.d4 Nb8c6
2.Ng1f3 d6
3.g3 Ng8f6
4.Bf1g2 Bc8f5
5.c3 e6
6.Nb1d2 Bf8e7
7.O-O O-O
8.Rf1e1 Qd8d7
9.e4 Bf5g6
10.a4 d5
11.e5 Nf6e4
12.Nd2xe4 Bg6xe4
13.Nf3d2 Be4xg2
14.Kxg2 f5
15.b4 f4
16.gxf4 Rf8xf4
17.Nd2b3 Rf4f8
18.Qd1g4 Rf8f5
19.Bc1h6 g6
20.Re1e3 Be7f8
21.Re3h3 Bf8xh6
22.Rh3xh6 Ra8f8
23.Ra1a2 Qd7e7
24.h4 { time. }
0-1

[Event "Match"]
[Site "www.echecsemail.com"]
[Date "2019.01.21"]
[Round "1"]
[White "Geodad5"]
[Black "Eulero76"]
[WhiteElo "2100"]
[BlackElo "2150"]
[Result "0-1"]
[Round "1"]
1.e4 c5
2.Ng1f3 d6
3.d4 cxd4
4.Nf3xd4 Ng8f6
5.Nb1c3 a6
6.Bf1e2 e5
7.Nd4b3 Bf8e7
8.O-O O-O
9.Bc1e3 Bc8e6
10.h3 Nb8d7
11.Be2f3 b5
12.a3 Ra8c8
13.Qd1e2 Be6c4
14.Qe2d2 Bc4xf1
15.Ra1xf1 Qd8c7
16.Bf3e2 d5
17.exd5 Be7xa3
18.Nc3d1 Ba3d6
19.c3 Qc7b7
20.Be3g5 Nf6e4
21.Qd2e3 f5
22.Be2f3 Nd7c5
23.Bf3xe4 Nc5xe4
24.Bg5h4 Qb7xd5
25.Nb3c1 Bd6c5
26.Qe3d3 Qd5e6
27.Kh1 g5
28.Bh4g3 Rc8d8
29.Qd3c2 Rd8d2
30.Qc2b3 Ne4xg3
31.fxg3 Qe6c4
32.Qb3xc4 bxc4
33.Kh2 Rf8d8
{ resign }
0-1

[Event "Match"]
[Site "www.echecsemail.com"]
[Date "2019.01.21"]
[Round "1"]
[White "Bigrezi"]
[Black "Paco"]
[WhiteElo "2290"]
[BlackElo "2000"]
[Result "1-0"]
[Round "1"]
1.e4 e5
2.Ng1f3 Nb8c6
3.Bf1b5 Qd8f6
4.O-O a6
5.Bb5c4 b5
6.Bc4e2 Bf8c5
7.a4 b4
8.d3 h5
9.Bc1g5 Qf6e6
10.c3 f6
11.Bg5d2 h4
12.cxb4 Nc6xb4
13.Qd1c1 d6
14.Bd2xb4 Bc5xb4
15.Qc1c6 Qe6d7
16.Qc6xa8 Ng8h6
17.d4 a5
18.Be2b5 O-O
19.Bb5xd7 Bc8xd7
20.Qa8b7 Rf8c8
21.Rf1c1 Bd7g4
22.Nf3xh4 exd4
23.Nh4g6 Kf7
24.Ng6f4 g5
25.Rc1xc7 Rc8xc7
26.Qb7xc7 Ke8
27.Nf4d5 Nh6g8
28.Nd5xb4 axb4
29.a5 d3
30.Nb1d2 Ng8e7
31.a6 d5
32.exd5 Kf7
33.d6 { resign }
1-0

[Event "Tourn. n10010"]
[Site "www.echecsemail.com"]
[Date "2019.01.21"]
[Round "1"]
[White "Luciano59"]
[Black "Aperturaf"]
[WhiteElo "2579"]
[BlackElo "2720"]
[Result "0-1"]
[Round "1"]
1.e4 e6
2.d4 d5
3.e5 c5
4.c3 Nb8c6
5.Ng1f3 Qd8b6
6.a3 c4
7.Nb1d2 Nc6a5
8.g3 Bc8d7
9.h4 O-O-O
10.Bf1h3 f5
11.O-O h6
12.h5 Ng8e7
13.Nf3h4 Rh8g8
14.Ra1b1 g5
15.hxg6 Ne7xg6
16.Nh4xg6 Rg8xg6
17.b3 cxb3
18.Nd2xb3 Rg6g8
19.Nb3d2 Qb6c7
20.Bh3g2 f4
21.Qd1f3 fxg3
22.c4 dxc4
23.fxg3 Bd7c6
24.Qf3e3 Bc6xg2
25.Kxg2 h5
{ time. }
0-1

[Event "Tourn. n10020"]
[Site "www.echecsemail.com"]
[Date "2019.01.21"]
[Round "1"]
[White "Numanoid"]
[Black "Szustan"]
[WhiteElo "2650"]
[BlackElo "2620"]
[Result "1/2-1/2"]
[Round "1"]
1.e4 e5
2.Ng1f3 Nb8c6
3.d4 exd4
4.Nf3xd4 Ng8f6
5.Nd4xc6 bxc6
6.e5 Qd8e7
7.Qd1e2 Nf6d5
8.h4 Qe7e6
9.g3 Nd5b4
10.Bf1h3 Qe6d5
11.O-O Bc8a6
12.Qe2d1 Ba6xf1
13.Qd1xf1 Qd5e4
14.Qf1d1 Bf8c5
15.Bh3xd7 Ke7
16.Bc1g5 f6
17.exf6 gxf6
18.Nb1c3 Qe4xc2
19.Qd1g4 Qc2xf2
20.Kh1 fxg5
21.Nc3e4 Qf2e3
22.Ne4xc5 h5
23.Qg4xb4 Qe3f3
{ draw }
1/2-1/2

[Event "Tourn. n9999"]
[Site "www.echecsemail.com"]
[Date "2019.01.21"]
[Round "1"]
[White "Fabos12"]
[Black "Cemaah"]
[WhiteElo "1970"]
[BlackElo "1809"]
[Result "0-1"]
[Round "1"]
1.d4 Ng8f6
2.c4 e6
3.Ng1f3 c5
4.d5 exd5
5.cxd5 d6
6.Nb1c3 g6
7.Bc1g5 Bf8g7
8.g3 O-O
9.Bf1g2 Rf8e8
10.O-O Qd8b6
11.Ra1b1 Bc8f5
12.Nc3a4 Qb6a6
13.Bg5xf6 Bg7xf6
14.Rb1c1 Qa6xe2
15.Qd1xe2 Re8xe2
16.Na4c3 Re2xb2
17.a4 a6
18.Rf1e1 Nb8d7
19.h3 h5
20.Nc3d1 Rb2b4
21.Nd1e3 Bf5d3
22.Kh2 Rb4xa4
23.h4 b5
24.Nf3g5 Nd7e5
25.f4 Ne5c4
26.Ne3xc4 Ra4xc4
27.Rc1xc4 bxc4
28.Ng5e4 Bd3xe4
29.Re1xe4 Bf6d4
30.Bg2f1 c3
31.Bf1d3 a5
32.Re4e1 a4
33.Bd3b1 Ra8b8
34.Kg2 Rb8b2
35.Kf3 c2
36.Bb1xc2 Rb2xc2
37.Re1e8 Kg7
38.Re8a8 a3
39.Ra8xa3 Rc2f2
40.Ke4 f5
{ resign }
0-1

[Event "Tourn. n10030"]
[Site "www.echecsemail.com"]
[Date "2019.01.21"]
[Round "1"]
[White "Louis"]
[Black "Sorim"]
[WhiteElo "2090"]
[BlackElo "2080"]
[Result "1-0"]
[Round "1"]
1.d4 d5
2.c4 dxc4
3.Ng1f3 Ng8f6
4.Nb1c3 Bc8f5
5.e3 e6
6.Bf1xc4 Bf8b4
7.O-O O-O
8.Bc1d2 Nb8d7
9.a3 Bb4d6
10.Rf1e1 Nd7b6
11.Bc4b3 c6
12.e4 Bf5g4
13.e5 Bd6c7
14.exf6 Qd8xf6
15.Bd2e3 Nb6d5
16.Nc3xd5 exd5
17.h3 Bg4xf3
18.Qd1xf3 Qf6d6
19.g3 Ra8e8
20.Bb3c2 Bc7d8
21.h4 Bd8f6
22.Be3f4 { resign }
1-0

[Event "Tourn. n10010"]
[Site "www.echecsemail.com"]
[Date "2019.01.21"]
[Round "1"]
[White "Darko10"]
[Black "Luciano59"]
[WhiteElo "2800"]
[BlackElo "2579"]
[Result "1-0"]
[Round "1"]
1.Ng1f3 Ng8f6
2.c4 c5
3.Nb1c3 Nb8c6
4.e3 e6
5.d4 d5
6.a3 a6
7.dxc5 Bf8xc5
8.b4 Bc5d6
9.Bc1b2 O-O
10.cxd5 exd5
11.Bf1e2 Bc8e6
12.O-O Qd8e7
13.Ra1c1 Ra8c8
14.Nc3a4 b5
15.Bb2xf6 Qe7xf6
16.Na4b6 Rc8c7
17.Nb6xd5 Be6xd5
18.Qd1xd5 Rf8c8
19.Rf1d1 Bd6e7
20.Nf3e1 Nc6d4
21.Rc1xc7 Nd4xe2
22.Kf1 Rc8xc7
23.Qd5a8 Be7f8
24.Rd1d8 Qf6e7
25.Qa8b8 Rc7c6
26.Kxe2 g6
27.Rd8e8 Qe7d6
28.Qb8xd6 Rc6xd6
29.Ne1d3 Kg7
30.Re8c8 Rd6e6
31.f4 f6
32.g4 f5
33.g5 Bf8e7
34.Rc8c7 Kg8
35.Rc7a7 Be7f8
36.Ra7a8 Kg7
37.Nd3e5 Re6d6
38.h4 Kg8
39.Kf3 { resign }
1-0

[Event "Tourn. n10007"]
[Site "www.echecsemail.com"]
[Date "2019.01.21"]
[Round "1"]
[White "Roque1"]
[Black "Picifarkinca"]
[WhiteElo "1990"]
[BlackElo "1840"]
[Result "0-1"]
[Round "1"]
1.e4 c6
2.Ng1f3 d5
3.Nb1c3 dxe4
4.Nc3xe4 Nb8d7
5.Bf1e2 Ng8f6
6.Ne4g3 e6
7.O-O Bf8d6
8.d4 O-O
9.Bc1e3 Qd8c7
10.Qd1d2 Bd6xg3
11.fxg3 Nf6e4
12.Qd2e1 e5
13.Be2d3 Ne4f6
14.Rf1f2 Nf6g4
15.Rf2e2 Ng4xe3
16.Re2xe3 exd4
17.Nf3xd4 Nd7f6
18.Qe1e2 Bc8g4
19.Qe2f2 Qc7b6
20.Nd4b3 Nf6d5
21.Re3e4 Qb6xf2
22.Kxf2 Bg4f5
23.Re4h4 Bf5xd3
24.cxd3 b6
25.Ra1e1 c5
26.Re1e5 Nd5b4
27.Nb3c1 Nb4c6
 { time }
0-1

[Event "Tourn. n10019"]
[Site "www.echecsemail.com"]
[Date "2019.01.21"]
[Round "1"]
[White "Francesco"]
[Black "Andychesston"]
[WhiteElo "1950"]
[BlackElo "1990"]
[Result "1-0"]
[Round "1"]
1.e4 e5
2.Ng1f3 Nb8c6
3.Bf1b5 d6
4.O-O Bc8g4
5.h3 Bg4h5
6.d4 Bf8e7
7.d5 a6
8.Bb5xc6 bxc6
9.dxc6 Ra8b8
10.b3 Rb8b6
11.c4 Rb6xc6
12.Nb1c3 Ng8f6
13.Nc3d5 Nf6xe4
14.Rf1e1 Be7h4
15.Re1xe4 f5
16.Re4xh4 Bh5xf3
17.Qd1xf3 Qd8xh4
18.Nd5f6 Qh4xf6
19.Qf3xc6 Kf7
20.Qc6xc7 Kg6
21.Bc1a3 Rh8d8
22.Ra1d1 Kh5
23.Rd1xd6 Rd8xd6
24.Qc7xd6 Qf6h4
25.Qd6xe5 g6
26.Ba3e7 Qh4e4
27.Qe5xe4 fxe4
28.c5 g5
29.c6 Kg6
30.c7 Kf7
31.Be7xg5 h6
32.Bg5xh6 Kg6
33.Bh6e3 a5
34.c8Q a4
35.Qc8e6 { resign }
1-0

[Event "Fast Game"]
[Site "www.echecsemail.com"]
[Date "2019.01.21"]
[Round "1"]
[White "Fabos12"]
[Black "Fegatux"]
[WhiteElo "1760"]
[BlackElo "1930"]
[Result "0-1"]
[Round "1"]
1.d4 Ng8f6
2.Ng1f3 d6
3.c3 Bc8g4
4.Nb1d2 c6
5.h3 Bg4h5
6.g4 Bh5g6
7.Bf1g2 e6
8.Nf3h4 Nb8d7
9.Nh4xg6 hxg6
10.e4 e5
11.d5 Nd7c5
12.Qd1c2 Bf8e7
13.b4 Nc5d7
14.c4 cxd5
15.exd5 a5
16.Ra1b1 axb4
17.Rb1xb4 Nd7c5
18.a4 { time. }
0-1

[Event "Tourn. n10012"]
[Site "www.echecsemail.com"]
[Date "2019.01.22"]
[Round "1"]
[White "Roque1"]
[Black "Mitja"]
[WhiteElo "2020"]
[BlackElo "1970"]
[Result "0-1"]
[Round "1"]
1.e4 d5
2.exd5 Qd8xd5
3.Nb1c3 Qd5d8
4.Ng1f3 e6
5.Bf1e2 c6
6.O-O Ng8f6
7.d3 Bf8c5
8.Bc1g5 h6
9.Bg5h4 O-O
10.Nc3a4 Bc5e7
11.Na4c3 b6
12.a3 Bc8b7
13.b4 b5
14.Qd1d2 a6
15.Ra1e1 Nb8d7
16.Nf3d4 Nf6d5
17.Bh4xe7 Qd8xe7
18.Nc3xd5 cxd5
19.c4 dxc4
20.dxc4 bxc4
21.Be2xc4 Ra8d8
22.Re1e3 Nd7f6
23.Rf1e1 Qe7c7
24.Qd2c3 Nf6d5
25.Nd4xe6 Nd5xc3
26.Ne6xc7 Nc3d5
27.Nc7xd5 Bb7xd5
28.Bc4xa6 Rd8a8
29.b5 Bd5c4
30.a4 Rf8d8
31.Re3e7 { time. }
0-1

[Event "Match"]
[Site "www.echecsemail.com"]
[Date "2019.01.22"]
[Round "1"]
[White "Bojan"]
[Black "Mitja"]
[WhiteElo "1880"]
[BlackElo "1930"]
[Result "0-1"]
[Round "1"]
1.e4 d5
2.exd5 Qd8xd5
3.c4 Qd5e5
4.Bf1e2 e6
5.Ng1f3 Qe5d6
6.d4 c6
7.Bc1d2 Ng8f6
8.Qd1c2 h6
9.a3 Bf8e7
10.Bd2b4 Qd6c7
11.Nb1d2 b6
12.Qc2c3 Bc8b7
13.b3 O-O
14.Bb4xe7 Qc7xe7
15.O-O Nb8d7
16.h3 Rf8e8
17.a4 a5
18.Nf3h2 Ra8c8
19.Be2f3 Bb7a8
20.Rf1e1 Qe7d8
21.Ra1d1 Qd8c7
22.Nd2e4 Nf6xe4
23.Bf3xe4 Nd7f6
24.Be4f3 c5
25.dxc5 Ba8xf3
26.Qc3xf3 Qc7xc5
27.Rd1d3 Rc8d8
28.Re1d1 Rd8xd3
29.Rd1xd3 Qc5c7
30.g4 Re8d8
31.h4 Rd8xd3
32.Qf3xd3 Qc7c5
33.Kg2 g6
34.Nh2f3 Nf6xg4
35.Qd3d2 Kg7
36.Kg3 Ng4f6
37.Qd2c3 Qc5e7
38.Qc3e3 Qe7d6
39.Kg2 Nf6g4
40.Qe3c3 f6
41.Qc3d4 Qd6xd4
42.Nf3xd4 Kf7
43.Kg3 Ng4e5
44.f4 Ne5d3
45.Nd4c6 Nd3c5
46.Nc6d4 f5
47.Kf3 Kf6
48.Ke3 e5
49.fxe5 Kxe5
50.Nd4f3 Kf6
51.Nf3d2 g5
52.h5 f4
53.Kf3 Kf5
{ resign }
0-1

[Event "Match"]
[Site "www.echecsemail.com"]
[Date "2019.01.22"]
[Round "1"]
[White "Whitekknight"]
[Black "Zack1984"]
[WhiteElo "1880"]
[BlackElo "2440"]
[Result "0-1"]
[Round "1"]
1.e4 f6
2.d4 Kf7
3.Qd1f3 g6
4.Bf1c4 e6
5.Bc1g5 c6
6.Nb1c3 d5
7.exd5 cxd5
8.Bc4d3 Nb8c6
9.Ng1e2 Nc6b4
10.Ne2c1 Kg7
11.Bg5d2 e5
12.dxe5 fxe5
13.O-O Ng8f6
14.a3 e4
15.Qf3d1 Nb4c6
16.Bd3b5 a6
17.Bb5a4 b5
18.Ba4b3 d4
19.Nc3e2 h6
20.Ne2g3 Bf8c5
21.Rf1e1 e3
22.fxe3 dxe3
23.Bd2c3 e2
{ resign }
0-1

[Event "Match"]
[Site "www.echecsemail.com"]
[Date "2019.01.22"]
[Round "1"]
[White "Urbe69"]
[Black "Guidom"]
[WhiteElo "2370"]
[BlackElo "2100"]
[Result "1-0"]
[Round "1"]
1.d4 d5
2.c4 dxc4
3.Ng1f3 b5
4.a4 c6
5.e3 Bc8b7
6.axb5 cxb5
7.b3 e6
8.bxc4 bxc4
9.Bf1xc4 Ng8f6
10.O-O Bf8e7
11.Bc4b5 Nb8d7
12.Nb1d2 O-O
13.Bc1a3 Be7xa3
14.Ra1xa3 Nd7b6
15.Qd1a1 Qd8b8
16.Rf1b1 Nf6d5
17.Bb5d3 h6
18.Nd2e4 Rf8d8
19.Ne4c5 Rd8d6
20.Nf3d2 Rd6c6
21.Nd2c4 Nb6xc4
22.Rb1xb7 Nc4xa3
23.Rb7xb8 Ra8xb8
24.Qa1xa3 Rb8a8
25.Qa3a4 Rc6b6
26.Kf1 Nd5c3
27.Qa4a5 Nc3d5
28.Bd3e4 f6
29.Nc5xe6 { resign }
1-0

[Event "Match"]
[Site "www.echecsemail.com"]
[Date "2019.01.22"]
[Round "1"]
[White "Tonino1"]
[Black "Karlgrocer"]
[WhiteElo "2250"]
[BlackElo "1920"]
[Result "1-0"]
[Round "1"]
1.d4 d5
2.Ng1f3 e6
3.e3 Ng8f6
4.Bf1d3 Bf8e7
5.O-O O-O
6.Nb1d2 Nb8d7
7.Qd1e2 a6
8.c3 c5
9.Nf3e5 Nd7xe5
10.dxe5 Nf6d7
11.f4 c4
12.Bd3c2 b5
13.Nd2f3 Bc8b7
14.h4 Be7xh4
15.Nf3xh4 Qd8xh4
16.Rf1f3 h6
17.Rf3h3 Qh4e7
18.Qe2g4 Kh8
19.Bc1d2 f5
20.exf6 Rf8xf6
21.Ra1f1 Nd7c5
22.f5 e5
23.e4 dxe4
24.Bd2e3 Nc5d3
25.Qg4e2 Ra8f8
26.g4 Kg8
27.Qe2g2 Kf7
28.Bc2xd3 exd3
29.Qg2f2 Ke8
30.Be3c5 Qe7d7
31.Bc5xf8 Kxf8
32.g5 hxg5
33.Rh3h8 Ke7
34.Qf2c5 Qd7d6
35.Qc5xd6 Kxd6
36.Rh8g8 Rf6f7
37.Rg8h8 Ke7
38.Rh8b8 Bb7e4
39.Rb8b6 Rf7xf5
40.Rf1xf5 Be4xf5
41.Kf2 e4
42.Rb6xa6 g6
43.Ra6b6 g4
44.Rb6xb5 Ke6
45.a4 Kd6
46.a5 Bf5d7
47.Rb5b6 Kc5
48.Rb6xg6 Kb5
49.a6 Bd7c6
50.a7 g3
51.Ke3 Bc6a8
52.Rg6xg3 Kb6
53.Rg3g5 Kxa7
54.Rg5c5 { resign }
1-0